00410nam a22001337a 450000500170000000800410001702000180005804000130007608200250008910000170011424500910013126000430022230000110026520150311152154.0150311b xxu||||| |||| 00| 0 eng d a9780195978346 cPK-LaUMT aKHC 954.91804bSAR-L aSarah Ansari aLife after partition bmigration, community and strife in Sindh: 1947-62cSarah Ansari aKarachibOxford University pressc2006 a240 p.